| 000 | 00881nam a22001815i 4500 | ||
|---|---|---|---|
| 001 | 160724 | ||
| 003 | ES-MaACL | ||
| 005 | 20230906212121.0 | ||
| 008 | 041008s1893 sp a |||| | spa d | ||
| 040 |
_aCAM _bspa _cCAM |
||
| 100 | 1 |
_aNogales-Delicado y Rendón, Dionisio de. _9130508 |
|
| 245 | 1 | 0 |
_aCantalapiedra 1477 _b: episodio histórico / _cpor D. de N.D. y R. |
| 260 |
_aCiudad-Rodrigo : _bImprenta y librería de Castar Iglesias, _c1893. |
||
| 300 |
_a111 p., [2] h. de lám. ; _c23 cm. |
||
| 594 | _aLas iniciales de la mención de resp. corresponden a Dionisio de Nogales Delicado Rendon. | ||
| 599 | _aLas h. de lám. del escudo de Cantalapiedra y de vista de la localidad en 1477. | ||
| 852 |
_aES-MaACL _jT-698-F-5 _z-- Enc. hol. conservando la cub. original _z-- Dedicatoria ms. del autor al Ateneo Científico y Literario de Madrid _z-- Enc. en un vol. facticio |
||
| 999 |
_c160724 _d160724 |
||